000
00319nam a2200133Ia 4500
005
20251222144857.0
008
251222s9999||||xx |||||||||||||| ||spa||
082
_a
335.82/O25
100
_a
Oblitas, Alfonso
245
0
_a
Terminología del Sindicalismo Clasista
250
_a
2a.ed.
264
_b
Unidad
942
_c
LIB
999
_c
21832
_d
21832